[Event "EU-ch U12"]
[Site "Bratislava"]
[Date "2019.08.07"]
[Round "6"]
[White "Bat, Bilguun"]
[Black "Milanovic, Marko"]
[Result "1-0"]
[WhiteElo "2090"]
[BlackElo "1942"]
[PlyCount "119"]
[EventDate "2019.08.02"]
[EventType "swiss"]
[EventRounds "9"]
[EventCountry "SVK"]
[SourceTitle "EXT 2020"]
[Source "ChessBase"]
[SourceDate "2019.10.17"]
[SourceVersion "1"]
[SourceVersionDate "2019.10.17"]
[SourceQuality "1"]

1. Nf3 d5 2. e3 Nf6 3. c4 e6 4. Nc3 Be7 5. b3 0-0 6. Bb2 c5 7. cxd5 exd5 8. d4 cxd4 9. Nxd4 Nc6 10. Be2 Qb6 11. Nxc6 bxc6 12. 0-0 Bf5 13. Rc1 Rac8 14. Na4 Qa5 15. Bc3 Qc7 16. Bd4 Ne4 17. Bf3 Rfd8 18. Qe2 Qa5 19. Bxe4 Bxe4 20. Qb2 f6 21. Nc5 Bxc5 22. Rxc5 Qa6 23. b4 Rb8 24. Rfc1 Rdc8 25. Qc3 Qd3 26. Rxc6 Qxc3 27. R6xc3 Rxc3 28. Bxc3 Bd3 29. Rd1 Bc4 30. a3 Kf7 31. f3 Re8 32. Kf2 f5 33. Rd2 g6 34. h4 a6 35. Bd4 Rc8 36. Kg3 Bb3 37. Bc5 Bc4 38. Kf4 Re8 39. a4 Ke6 40. Kg5 Kf7 41. Kh6 Kg8 42. Rb2 Rb8 43. h5 Rc8 44. Bd4 Kf7 45. b5 axb5 46. axb5 gxh5 47. b6 Rb8 48. Kxh5 Rb7 49. Rb1 Ke6 50. Kg5 Bd3 51. Rc1 Bc4 52. Rh1 Rf7 53. Rh6+ Kd7 54. Be5 Kc8 55. Rf6 Rg7+ 56. Kf4 Rxg2 57. Rf8+ Kb7 58. Bd4 Bd3 59. Rf7+ Kc6 60. Rc7+ 1-0

[Event "EU-ch U12"]
[Site "Bratislava"]
[Date "2019.08.05"]
[Round "4"]
[White "Bat, Bilguun"]
[Black "Tarhan, Adar"]
[Result "1-0"]
[WhiteElo "2090"]
[BlackElo "1949"]
[PlyCount "87"]
[EventDate "2019.08.02"]
[EventType "swiss"]
[EventRounds "9"]
[EventCountry "SVK"]
[SourceTitle "EXT 2020"]
[Source "ChessBase"]
[SourceDate "2019.10.17"]
[SourceVersion "1"]
[SourceVersionDate "2019.10.17"]
[SourceQuality "1"]

1. Nf3 Nf6 2. e3 d5 3. c4 e6 4. Nc3 Be7 5. b3 0-0 6. Bb2 b6 7. cxd5 exd5 8. Be2 c5 9. d4 h6 10. 0-0 Be6 11. Rc1 Nbd7 12. h3 Rc8 13. Bd3 Qc7 14. dxc5 bxc5 15. Qe2 Nb6 16. Ba6 Rcd8 17. Nb5 Qb8 18. Be5 Qa8 19. Nc7 Qc6 20. Nd4 Qd7 21. Bb5 Qc8 22. Nc6 Rd7 23. Ba6 Qxc7 24. Bxc7 Rxc7 25. Nxe7+ Rxe7 26. Rxc5 Ne4 27. Rcc1 Bd7 28. Bd3 f5 29. Bxe4 fxe4 30. a4 Re5 31. f4 Re6 32. a5 Nc8 33. Rc7 Rd6 34. Qd2 a6 35. Rfc1 Ne7 36. Qb4 Rff6 37. Qb7 Bc6 38. Qb8+ Kf7 39. Qa7 Rfe6 40. f5 Re5 41. R1xc6 Rxc6 42. Rxc6 d4 43. Re6 d3 44. Qxe7+ 1-0

[Event "EU-chT U12"]
[Site "Pardubice"]
[Date "2019.07.16"]
[Round "6.4"]
[White "Bat, Bilguun"]
[Black "Durak, Can"]
[Result "1-0"]
[WhiteElo "2093"]
[BlackElo "1753"]
[PlyCount "37"]
[EventDate "2019.07.11"]
[EventType "team-swiss"]
[EventRounds "7"]
[EventCountry "CZE"]
[SourceTitle "EXT 2020"]
[Source "ChessBase"]
[SourceDate "2019.10.17"]
[SourceVersion "1"]
[SourceVersionDate "2019.10.17"]
[SourceQuality "1"]
[WhiteTeam "France U12"]
[BlackTeam "Turkey U12"]
[WhiteTeamCountry "FRA"]
[BlackTeamCountry "TUR"]

1. d4 d5 2. Nf3 Nf6 3. e3 e6 4. Bd3 Bd6 5. 0-0 c5 6. b3 0-0 7. Bb2 Nc6 8. Ne5 cxd4 9. exd4 Qc7 10. f4 Nb4 11. Nc3 Nxd3 12. Qxd3 a6 13. Rf3 b5 14. Rh3 Bb7 15. Ng4 Ne4 16. Nxe4 dxe4 17. Nf6+ gxf6 18. Qg3+ Kh8 19. Qh4 1-0

[Event "EU-chT U12"]
[Site "Pardubice"]
[Date "2019.07.11"]
[Round "1.4"]
[White "Bat, Bilguun"]
[Black "Olenik Campa, Rudi"]
[Result "1-0"]
[WhiteElo "2093"]
[BlackElo "1854"]
[PlyCount "99"]
[EventDate "2019.07.11"]
[EventType "team-swiss"]
[EventRounds "7"]
[EventCountry "CZE"]
[SourceTitle "EXT 2020"]
[Source "ChessBase"]
[SourceDate "2019.10.17"]
[SourceVersion "1"]
[SourceVersionDate "2019.10.17"]
[SourceQuality "1"]
[WhiteTeam "France U12"]
[BlackTeam "Slovenia U12"]
[WhiteTeamCountry "FRA"]
[BlackTeamCountry "SLO"]

1. d4 Nf6 2. Nf3 g6 3. c4 Bg7 4. e3 0-0 5. Be2 d6 6. Nc3 c5 7. 0-0 e6 8. b3 Nc6 9. Bb2 b6 10. a3 a6 11. Qc2 Qc7 12. Rfd1 Bb7 13. d5 exd5 14. Nxd5 Nxd5 15. cxd5 Ne7 16. Bxg7 Kxg7 17. Qb2+ Kg8 18. e4 Rfe8 19. h4 h5 20. Ng5 Qd7 21. Bf1 Bc8 22. e5 dxe5 23. Ne4 Kf8 24. Nf6 Qd6 25. Nxe8 Kxe8 26. b4 Nf5 27. bxc5 bxc5 28. Rac1 Ra7 29. Rb1 Rb7 30. Qc3 Nxh4 31. Rxb7 Bxb7 32. Qb3 Qd7 33. Qg3 Qg4 34. Qxg4 hxg4 35. Rc1 Ke7 36. Rxc5 Kd6 37. Ra5 f5 38. Be2 e4 39. Bxa6 Bxd5 40. Be2 e3 41. g3 Nf3+ 42. Bxf3 exf2+ 43. Kxf2 Bxf3 44. Ke3 Be4 45. Kf4 Bc6 46. Kg5 Bd5 47. Ra7 Ke5 48. Re7+ Kd4 49. Kf4 Bc6 50. Re6 1-0